000 00355nam a2200145Ia 4500
100 _aCromwell/ Weibell
650 _aElectrical Engineering
942 _cBK
654 _aEngineering
245 _aBiomedical Instrumentation and Measurement
260 _bPrentice Hall
_aNONE
_c1996
082 _a610.28
_bCRO/WEI
546 _aENGLISH
999 _c19748
_d19748